Aramızdan ayrılışının 50. yılında Hasan-Ali Yücel' den günümüze eğitim bilim kültür politikaları sempozyumu (Record no. 5827)

MARC details
000 -BAŞLIK
Sabit Uzunlukta Kontrol Alanı 01061na a2200265 4500
001 - KONTROL NUMARASI
Denetim Alanı 19506
003 - KONTROL NUMARASI IDENTIFIER
Denetim Alanı MIRAKIL
005 - SON İŞLEM TARİHİ VE ZAMANI
Denetim Alanı 20181213155048.0
008 - SABİT-BOY VERİ ELEMANLARI - GENEL BİLGİLER
Sabit Uzunlukta Kontrol Alanı 161216b tu 000 0
020 ## - ULUSLARARASI STANDART KİTAP NUMARASI
Uluslararası Standart Kitap Numarası 9786056066399
040 ## - KATALOGLAMA KAYNAK
Orijinal Kataloglama Ajansı Milas
Kataloglama Dili tur
Metne Dönüştürmek Ajansı TR-AnCHP
041 ## - DİL KODU
Metin / Ses Parça Veya Ayrı Başlığın Dil Kodu tur
082 ## - DEWEY ONLU SINIFLANDIRMA NUMARASI
Sınıflandırma Numarası 923.7 Yücel,H.A.
Ürün Numarası A62 2011
090 ## - SINIFLAMA NUMARASI
Sınıflama Numarası 923.7 Yücel,H.A. A62 2011
111 ## - ANA GİRİŞ - TOPLANTI ADI
Giriş Elemanı Olarak Toplantı Adı Veya Yargı Alanı Adı Aramızdan Ayrılışının 50. Yılında Hasan Ali Yücel'den Günümüze Eğitim, Bilim, Kültür Politikaları Sempozyumu
Toplantının Yeri İzmir
Toplantı Veya Antlaşma İmzalandığı Tarihi 2011
245 ## - BAŞLIK TABLOSU
Başlık Aramızdan ayrılışının 50. yılında Hasan-Ali Yücel' den günümüze eğitim bilim kültür politikaları sempozyumu
Başlığın Kalan bildiriler
Sorumluluk Tablosu, Vb Yayına hazırlayan Kemal Kocabaş
260 ## - YAYIN, DAĞITIM, VB
Yayın, Dağıtım, Vb Yeri İzmir
Yayıncı, Dağıtıcı, Vs Adı Yeni Kuşak Köy Enstitülüler Derneği Yayınları
Yayın, Dağıtım, Vb Tarihi 2011
300 ## - FİZİKSEL TANIM
Kapsam 768 s.
Diğer Fiziksel Ayrıntıları res.; tbl.
Boyutlar 25 sm.
600 ## - KONU KATMA GİRİŞ - KURUMSAL ADI
Kişisel Ad Yücel, Hasan Ali
Bir Adıyla İlişkilendirilen Tarihler 1897-1961
Genel Alt Bölümü Toplantılar
650 ## - KONU KATMA GİRİŞ - TOPİKAL DÖNEM
Topikal Süreli Veya Coğrafi Ad Giriş Elemanı Kültür politikaları
Genel Alt Bölümü Toplantılar
650 ## - KONU KATMA GİRİŞ - TOPİKAL DÖNEM
Topikal Süreli Veya Coğrafi Ad Giriş Elemanı Bilim
Genel Alt Bölümü Toplantılar
650 ## - KONU KATMA GİRİŞ - TOPİKAL DÖNEM
Topikal Süreli Veya Coğrafi Ad Giriş Elemanı Eğitim
Genel Alt Bölümü Toplantılar
700 ## - KATMA GİRİŞ - KİŞİSEL İSİM
Kişisel Ad Kocabaş, Kemal
942 ## - EKLENDİ GİRİŞ ELEMANLARI (KOHA)
Sınıflandırma Veya Raf Düzeni Kaynak
Koha Öğesi Türü Books
999 ## - SİSTEM KONTROL NUMARALARI (KOHA)
Koha Biblionumber 5827
Koha Biblioitemnumber 5827
Holdings
Kalıcı Konum Mevcut Konum Edinme Tarihi Edinim Kaynak Toplam Check-Out'Lar Tam Çağrı Numarası Barkod Tarih Son Görülme İtibaren Geçerli Fiyatlar Koha Öğesi Türü
CHP Kütüphanesi CHP Kütüphanesi 12/16/2016 Bağış   923.7 Yücel,H.A. A62 2011 011605 12/16/2016 12/16/2016 Books